[Event "AUTO-ADV-2908"]
[Site "http://www.queenalice.com/game.php?id=1200457"]
[Date "2013.7.16"]
[Round "1"]
[White "vizela"]
[Black "hamurobi"]
[Result "0-1"]
[WhiteElo "1585"]
[BlackElo "1723"]

1. e4 e5 2. Nf3 Nc6 3. Bb5 Nd4 4. Nxd4 exd4 5. d3 c6 6. Bc4 c5 7. c3 dxc3 8.
Nxc3 g6 9. Qf3 f6 10. Nd5 Bg7 11. Bf4 d6 12. a3 Ne7 13. Nxe7 Qxe7 14. O-O Be6
15. Bxe6 Qxe6 16. Rfe1 O-O 17. h3 f5 18. Rab1 b6 19. exf5 Qxf5 20. Bxd6 Qxf3 21.
gxf3 Rxf3 22. Re3 Rxe3 23. fxe3 Rd8 24. Bg3 Rxd3 25. Kf2 Rd2+ 0-1

[Event "AUTO-OPEN-3042"]
[Site "http://www.queenalice.com/game.php?id=1202976"]
[Date "2013.7.27"]
[Round "1"]
[White "legorille"]
[Black "hamurobi"]
[Result "1-0"]
[WhiteElo "1815"]
[BlackElo "1724"]

1. e4 e5 2. f4 exf4 3. Nf3 d6 4. d4 Bg4 5. Bxf4 Bxf3 6. gxf3 Nf6 7. Nc3 Nh5 8.
Bg3 Qg5 9. Rg1 Be7 10. Nd5 Kd7 11. Bh3+ Kd8 12. Nxe7 Kxe7 13. Bxd6+ 1-0

[Event "AUTO-OPEN-3042"]
[Site "http://www.queenalice.com/game.php?id=1202977"]
[Date "2013.7.27"]
[Round "1"]
[White "hamurobi"]
[Black "legorille"]
[Result "1-0"]
[WhiteElo "1708"]
[BlackElo "1793"]

1. e4 e5 2. Nf3 d6 3. c3 Nf6 4. Bc4 Be7 5. d3 O-O 6. h3 Nc6 7. Nh2 h6 8. Be3 d5
9. exd5 Nxd5 10. Bxh6 gxh6 11. Qh5 Nf4 12. Qf3 Bg5 13. Nd2 Bf5 14. Ne4 Na5 15.
O-O-O Nxc4 16. dxc4 Qe7 17. h4 Nd3+ 18. Kb1 Bxe4 19. Qxe4 Nxf2 20. Qf5 Bf4 21.
Ng4 Nxg4 22. Qxg4+ Kh7 23. Rd7 Qc5 24. g3 Rad8 25. gxf4 Qxc4 26. Qf5+ Kh8 27.
Qf6+ Kh7 28. Qf5+ Kh8 29. Rg1 Rxd7 30. Qf6+ 1-0

[Event "AUTO-OPEN-3042"]
[Site "http://www.queenalice.com/game.php?id=1202998"]
[Date "2013.7.27"]
[Round "1"]
[White "BBOM"]
[Black "hamurobi"]
[Result "0-1"]
[WhiteElo "1521"]
[BlackElo "1757"]

1. e4 e5 2. Nf3 Nc6 3. Bb5 a6 4. Bxc6 dxc6 5. Nxe5 Qd4 6. Ng4 Qxe4+ 7. Ne3 Bc5
8. O-O Be6 9. d3 Qg6 10. Re1 O-O-O 11. a3 Nf6 12. Nd2 Nh5 13. Ne4 Bd6 14. g3 Bh3
15. Ng2 Be7 16. Nf4 Nxf4 17. Bxf4 Bd6 18. Qf3 f5 19. Nxd6+ cxd6 20. c4 Qf6 21.
Qe3 Rhe8 22. Qf3 Bg4 23. Qh1 Qxb2 24. Bg5 Rxe1+ 25. Rxe1 Qc3 26. Kg2 Qxd3 27.
Bxd8 Bf3+ 28. Kg1 Bxh1 29. Be7 Qf3 30. Kf1 Bg2+ 31. Kg1 Bh3 0-1

[Event "AUTO-OPEN-3042"]
[Site "http://www.queenalice.com/game.php?id=1202999"]
[Date "2013.7.27"]
[Round "1"]
[White "hamurobi"]
[Black "BBOM"]
[Result "1-0"]
[WhiteElo "1740"]
[BlackElo "1555"]

1. e4 e5 2. c4 Nf6 3. Nc3 Nc6 4. Nf3 Bb4 5. Bd3 O-O 6. h3 Bxc3 7. dxc3 h6 8. Be3
d6 9. Qd2 Re8 10. Nh2 Be6 11. f4 exf4 12. Bxf4 g5 13. Be3 Ne5 14. b3 c5 15. Ng4
Bxg4 16. hxg4 Nfxg4 17. Be2 a5 18. O-O-O f6 19. Bxg4 Nxg4 20. Rh3 Rxe4 21. Qd5+
Kg7 22. Qxe4 Nf2 23. Bxf2 b6 24. Re3 Ra7 25. Bg3 Qc8 26. Rxd6 f5 27. Be5+ Kh7
28. Qd5 f4 29. Qe4+ Kg8 30. Qg6+ Kf8 31. Qxh6+ Kf7 32. Qg7+ 1-0

[Event "AUTO-OPEN-3042"]
[Site "http://www.queenalice.com/game.php?id=1203010"]
[Date "2013.7.27"]
[Round "1"]
[White "pioki"]
[Black "hamurobi"]
[Result "1-0"]
[WhiteElo "1946"]
[BlackElo "1751"]

1. e4 e5 2. Nc3 c5 3. f4 exf4 4. Nf3 h6 5. Bc4 d6 6. d4 cxd4 7. Qxd4 Nc6 8. Qd1
Be6 9. Bxe6 fxe6 10. Bxf4 g5 11. Be3 Rh7 12. Qd3 a6 13. a3 Qc7 14. O-O-O O-O-O
15. Na4 b5 16. Bb6 Qd7 17. Bxd8 Qxd8 18. Nc3 Rd7 19. h3 Bg7 20. Rhf1 Nf6 21. Kb1
d5 22. exd5 exd5 23. Qf5 1-0

[Event "AUTO-OPEN-3042"]
[Site "http://www.queenalice.com/game.php?id=1203011"]
[Date "2013.7.27"]
[Round "1"]
[White "hamurobi"]
[Black "pioki"]
[Result "0-1"]
[WhiteElo "1729"]
[BlackElo "1990"]

1. e4 c5 2. c4 Nc6 3. Nf3 d6 4. h3 Nf6 5. d3 g6 6. a3 Bg7 7. Nc3 O-O 8. Be3 Bd7
9. Be2 a6 10. g4 Qa5 11. Qd2 b5 12. g5 Ne8 13. Qc1 Nc7 14. Bd2 Qb6 15. h4 Bg4
16. Be3 bxc4 17. dxc4 Ne6 18. Rg1 Bxf3 19. Bxf3 Ned4 20. Bxd4 Nxd4 21. Bd1 Nb3
22. Bxb3 Qxb3 0-1

[Event "AUTO-OPEN-3043"]
[Site "http://www.queenalice.com/game.php?id=1203373"]
[Date "2013.7.29"]
[Round "1"]
[White "rpalmero"]
[Black "hamurobi"]
[Result "1-0"]
[WhiteElo "2006"]
[BlackElo "1757"]

1. c4 e5 2. Nc3 Nf6 3. e3 d6 4. Qc2 g6 5. Nf3 Bg4 6. Be2 Nc6 7. a3 Bg7 8. b4 a6
9. Bb2 Ne7 10. h3 Bf5 11. Qb3 Qd7 12. d4 e4 13. Nd2 O-O 14. g4 Bxg4 15. hxg4
Nxg4 16. Ncxe4 h5 17. O-O-O f6 18. f3 Nh6 19. c5+ Kh8 20. Ng3 b6 21. Nde4 d5 22.
Nf2 b5 23. e4 c6 24. e5 f5 25. Rdg1 Kg8 26. Nh3 1-0

[Event "AUTO-OPEN-3043"]
[Site "http://www.queenalice.com/game.php?id=1203374"]
[Date "2013.7.29"]
[Round "1"]
[White "hamurobi"]
[Black "rpalmero"]
[Result "0-1"]
[WhiteElo "1761"]
[BlackElo "2063"]

1. e4 c5 2. Nf3 e6 3. d3 Nc6 4. a3 Qc7 5. g3 Bd6 6. Bg2 Nf6 7. Nc3 a6 8. Nh4 h6
9. Be3 b5 10. h3 Bb7 11. Bf3 Nd4 12. Bxd4 cxd4 13. Ne2 g5 14. Ng2 Rc8 15. Nxd4
Be5 16. c3 Qd6 17. Ne2 h5 18. d4 Bxg3 19. Nxg3 h4 20. e5 Bxf3 21. Qxf3 Qc6 22.
Qxf6 Rg8 23. O-O hxg3 24. fxg3 Rf8 25. Qxg5 d6 26. exd6 Qxd6 27. Rae1 Kd7 28.
Qg7 Rc7 29. Rxf7+ Rxf7 30. Qxf7+ Kc8 31. Qg8+ Kb7 32. Rxe6 Qd7 0-1

[Event "AUTO-OPEN-3043"]
[Site "http://www.queenalice.com/game.php?id=1203397"]
[Date "2013.7.29"]
[Round "1"]
[White "DeoclecianoB"]
[Black "hamurobi"]
[Result "1-0"]
[WhiteElo "2104"]
[BlackElo "1792"]

1. e4 e5 2. Nf3 Nc6 3. Bb5 Qf6 4. Nc3 Nge7 5. d3 h6 6. h3 a6 7. Ba4 Nd4 8. Nxd4
exd4 9. Ne2 Ng6 10. O-O Be7 11. f4 Nf8 12. e5 Qb6 13. f5 Nh7 14. Nf4 Qb4 15. Bb3
b6 16. Nd5 Qc5 17. f6 Bf8 18. fxg7 Bxg7 19. Nf6+ Ke7 20. Nxh7 Rxh7 21. Rxf7+ Kd8
22. Qe1 d5 23. e6 Ke8 24. Qg3 Qd6 25. Rxg7 Rxg7 26. Qxg7 Qxe6 27. Bxh6 Bb7 28.
Rf1 Qe7 29. Qg6+ 1-0

[Event "AUTO-OPEN-3043"]
[Site "http://www.queenalice.com/game.php?id=1203398"]
[Date "2013.7.29"]
[Round "1"]
[White "hamurobi"]
[Black "DeoclecianoB"]
[Result "0-1"]
[WhiteElo "1770"]
[BlackElo "2101"]

1. e4 e5 2. Nf3 Nf6 3. d3 Nc6 4. Nc3 d6 5. Be3 h6 6. g3 Be6 7. Qd2 Be7 8. h3 Nh7
9. Nh2 Qd7 10. g4 Ng5 11. Bg2 O-O-O 12. Nb5 a6 13. Na3 d5 14. exd5 Bxd5 15. f3
Nd4 16. Rf1 f6 0-1

[Event "AUTO-OPEN-3043"]
[Site "http://www.queenalice.com/game.php?id=1203411"]
[Date "2013.7.29"]
[Round "1"]
[White "victorlobo"]
[Black "hamurobi"]
[Result "0-1"]
[WhiteElo "1671"]
[BlackElo "1743"]

1. e4 e5 2. Nf3 Nc6 3. d4 Nxd4 4. Nxd4 exd4 5. Qxd4 d6 6. e5 Be6 7. exd6 Qxd6 8.
Qxd6 Bxd6 9. Bd2 O-O-O 10. Nc3 h6 11. Nb5 Kb8 12. Be3 b6 13. g3 a6 14. Nxd6 Rxd6
15. Bxa6 Bd5 16. O-O Bf3 17. h3 Nf6 18. Rfe1 Nd5 19. Be2 Be4 20. c4 Nb4 21. Red1
Nc2 22. Rab1 Nxe3 23. Rxd6 cxd6 24. Rc1 Nf5 25. b4 Nd4 26. Bh5 g6 27. Bg4 f5 28.
Bd1 Bf3 29. a4 Rd8 30. Bxf3 Nxf3+ 31. Kg2 Ne5 0-1

[Event "AUTO-OPEN-3043"]
[Site "http://www.queenalice.com/game.php?id=1203412"]
[Date "2013.7.29"]
[Round "1"]
[White "hamurobi"]
[Black "victorlobo"]
[Result "0-1"]
[WhiteElo "1769"]
[BlackElo "1759"]

1. e4 d5 2. exd5 Qxd5 3. Nc3 Qe5+ 4. Nge2 Nc6 5. d4 Nxd4 6. Bf4 Qf5 7. Qxd4 Qxc2
8. Bxc7 Bd7 9. Nd5 e6 10. Ndc3 Rc8 11. Bd6 Bxd6 12. Qxd6 Nf6 13. Qb4 Rc7 14. Nd4
Qg6 15. O-O-O Ne4 16. Bd3 f5 17. Rdf1 Nxc3 18. bxc3 Kf7 19. Nb5 Bxb5 20. Bxb5
Rhc8 21. c4 a6 22. Bxa6 bxa6 23. Qb6 Rxc4+ 24. Kb2 R8c5 25. Qb7+ Rc7 26. Qb3
Qf6+ 27. Kb1 R7c5 28. a4 a5 29. Rc1 Rb4 0-1

[Event "AUTO-OPEN-3048"]
[Site "http://www.queenalice.com/game.php?id=1205297"]
[Date "2013.8.5"]
[Round "1"]
[White "kpablanca197"]
[Black "hamurobi"]
[Result "0-1"]
[WhiteElo "1527"]
[BlackElo "1758"]

1. c4 e5 2. Nc3 Nf6 3. Qc2 Bc5 4. Nf3 d6 5. e3 h6 6. Be2 Qe7 7. O-O Be6 8. a3 c6
9. b4 Bb6 10. Bb2 Bc7 11. Rfe1 Nbd7 12. Na4 Rc8 13. d4 g6 14. c5 e4 15. cxd6
Bxd6 16. Nd2 Bd5 17. Bc4 O-O 18. Rac1 Bxc4 19. Qxc4 b5 20. Qc2 bxa4 21. Qxa4 Nb8
0-1

[Event "AUTO-OPEN-3048"]
[Site "http://www.queenalice.com/game.php?id=1205298"]
[Date "2013.8.5"]
[Round "1"]
[White "hamurobi"]
[Black "kpablanca197"]
[Result "1-0"]
[WhiteElo "1751"]
[BlackElo "1536"]

1. e4 c6 2. Nf3 d5 3. exd5 cxd5 4. c3 e6 5. d4 Nf6 6. Ne5 Nbd7 7. Bd3 Bd6 8. f4
O-O 9. Be3 Re8 10. h3 Nf8 11. Nd2 a6 12. g4 Bxe5 13. fxe5 N6d7 14. g5 g6 15. h4
b5 16. h5 Nb6 17. Nf3 1-0

[Event "AUTO-OPEN-3048"]
[Site "http://www.queenalice.com/game.php?id=1205317"]
[Date "2013.8.5"]
[Round "1"]
[White "capablanca2014"]
[Black "hamurobi"]
[Result "1-0"]
[WhiteElo "1930"]
[BlackElo "1722"]

1. d4 d5 2. Nf3 Nc6 3. Bf4 Nf6 4. e3 a6 5. Nbd2 Bf5 6. Bd3 Be4 7. Bxe4 dxe4 8.
Ne5 Nxe5 9. Bxe5 e6 10. Bxf6 Qxf6 11. Nxe4 Qg6 12. Ng3 O-O-O 13. Qe2 f5 14.
O-O-O Bd6 15. f4 Qf7 16. Nf1 Rd7 17. Nd2 Re8 18. Nc4 Bf8 19. Ne5 Qg8 20. Nxd7
Kxd7 21. Kb1 Kc8 22. Qc4 h6 23. g3 Qf7 24. Rhe1 g5 25. e4 gxf4 26. gxf4 fxe4 27.
Rxe4 Bd6 28. d5 e5 29. fxe5 Rxe5 30. Rxe5 Bxe5 31. Qg4+ Kb8 32. Qe2 Bd6 33. a3
Ka7 34. Qe3+ b6 35. Qxh6 Qf3 36. Qd2 a5 37. h4 Ka6 38. Qd3+ Qxd3 39. Rxd3 b5 40.
h5 Bf8 41. h6 Bd6 42. h7 Be5 43. d6 cxd6 44. Rxd6+ 1-0

[Event "AUTO-OPEN-3048"]
[Site "http://www.queenalice.com/game.php?id=1205318"]
[Date "2013.8.5"]
[Round "1"]
[White "hamurobi"]
[Black "capablanca2014"]
[Result "0-1"]
[WhiteElo "1722"]
[BlackElo "1943"]

1. e4 d5 2. d3 dxe4 3. dxe4 Qxd1+ 4. Kxd1 e5 5. Be3 Nf6 6. Nc3 Be6 7. Nf3 Nc6 8.
Bb5 O-O-O+ 9. Ke2 Nd4+ 10. Kf1 Nxb5 11. Nxb5 Bc4+ 12. Ke1 Bxb5 13. Nxe5 Be8 14.
f3 Nd7 15. Nd3 Kb8 16. Kf2 f6 17. Rad1 Be7 18. Rd2 Bf7 19. Rhd1 Ne5 20. Nf4 Nc4
21. Rd7 Nxe3 22. Kxe3 Bd6 23. Rxf7 Bxf4+ 24. Kxf4 Rxd1 25. Rxg7 Kc8 26. Kf5 Rd6
27. g4 h5 28. h4 hxg4 29. fxg4 Rxh4 30. c4 Rh2 31. Rg8+ Kd7 32. b4 Rf2+ 33. Kg6
f5+ 34. Kg5 fxe4 35. c5 Rd5+ 36. Kh4 e3 37. Rg7+ Kc6 38. Re7 Rxa2 39. Rxe3 Kb5
40. g5 Kxb4 41. Kh5 Rg2 42. Re4+ Kxc5 43. Rg4 Rxg4 44. Kxg4 a5 0-1

[Event "AUTO-OPEN-3048"]
[Site "http://www.queenalice.com/game.php?id=1205327"]
[Date "2013.8.5"]
[Round "1"]
[White "Laucin"]
[Black "hamurobi"]
[Result "0-1"]
[WhiteElo "928"]
[BlackElo "1722"]

1. b4 e5 2. b5 d5 3. Nc3 d4 4. g4 dxc3 5. dxc3 Qxd1+ 6. Kxd1 Bxg4 7. c4 Bc5 8.
h4 Nf6 9. a4 O-O 10. Bg2 c6 11. bxc6 Nxc6 12. Ra2 Rad8+ 13. Ke1 Bb4+ 14. Kf1
Rd1# 0-1

[Event "Challenge"]
[Site "http://www.queenalice.com/game.php?id=1209407"]
[Date "2013.8.19"]
[Round "-"]
[White "kingdave"]
[Black "hamurobi"]
[Result "1-0"]
[WhiteElo "2160"]
[BlackElo "1762"]

1. e4 e5 2. Nf3 d6 3. d4 f6 4. Bc4 Qe7 5. O-O Be6 6. Bxe6 Qxe6 7. Nc3 Ne7 8.
dxe5 dxe5 9. Nd5 Nxd5 10. exd5 Qd7 11. Re1 Bd6 12. Nd4 Qf7 13. Ne6 Na6 14. f4 h6
15. fxe5 Bxe5 16. Bf4 Kd7 17. Bxe5 fxe5 18. Rxe5 Kd6 19. Qe2 c6 20. Rd1 1-0

[Event "AUTO-OPEN-2996"]
[Site "http://www.queenalice.com/game.php?id=1224476"]
[Date "2013.10.13"]
[Round "2"]
[White "hamurobi"]
[Black "Aspayne"]
[Result "0-1"]
[WhiteElo "1788"]
[BlackElo "1981"]

1. e4 c6 2. Nf3 d5 3. Bd3 dxe4 4. Bxe4 Nf6 5. Bd3 Bg4 6. Be2 g6 7. h3 Bf5 8. d3
Bg7 9. Be3 O-O 10. g4 Bc8 11. Nc3 Nd5 0-1

[Event "AUTO-OPEN-2996"]
[Site "http://www.queenalice.com/game.php?id=1224477"]
[Date "2013.10.13"]
[Round "2"]
[White "Aspayne"]
[Black "hamurobi"]
[Result "1-0"]
[WhiteElo "1989"]
[BlackElo "1776"]

1. e4 e5 2. Nf3 d6 3. d4 Bg4 4. Be2 Be7 5. dxe5 Bxf3 6. Bxf3 dxe5 7. O-O Nc6 8.
Bd2 Nf6 9. c3 Qd7 10. Na3 Bxa3 11. bxa3 1-0